000 00852nam a2200181Ia 4500
008 220216s9999 xx 000 0 und d
100 _aBonfils F
245 0 _aUse of cyclohexane in analysis by steric exclusion chromatography
260 _bRev G. Caou. Plast
_c1995
300 _a74-76
500 _aSource Year: 1996
520 _aCyclohexane was used as the elution solvent in steric exclusion chromatography (GPC) studies of the molecular weight and MWD of different NR samples. It was possible to determine the influence of various phenomena such as atmospheric UV and drying conditions on MW and MWD. The use of cyclohexane avoided blocking of the columns, a problem often encountered when using other solvents such as THF.
700 _aAchi A K
700 _aLaigneau J C
700 _aSainte-Beuve J
856 _uIRRDB
942 _cJS
999 _c71829
_d71829